|
|
|
|
| LEADER |
00903nab a2200241 i 4500 |
| 001 |
misc61353 |
| 005 |
20241001121936.0 |
| 008 |
230731s1928 hu o 000 ita d |
| 040 |
|
|
|a SZTE Miscellanea Repozitórium
|b hun
|
| 041 |
|
|
|a ita
|
| 100 |
1 |
|
|a Tagliavini Carlo
|
| 245 |
1 |
0 |
|a Il I° Congresso internazionale di Linguistica romanza a Digione
|h [elektronikus dokumentum] :
|b 28-30 Maggio 1928 /
|c Tagliavini Carlo
|
| 260 |
|
|
|c 1928
|
| 300 |
|
|
|a 688-691
|c 24 cm
|
| 300 |
|
|
|a [4] p.
|c 24 cm
|
| 490 |
0 |
|
|a Aevum : Rassegna di Scienze Storiche Linguistiche e Filologiche
|
| 561 |
|
|
|a Németh Gyula hagyaték
|
| 591 |
|
|
|a NOV 5910
|
| 650 |
|
4 |
|a Bölcsészettudományok
|
| 650 |
|
4 |
|a Nyelvek és irodalom
|
| 695 |
|
|
|a Nyelvészet - konferencia
|
| 710 |
|
|
|a Congresso internazionale di Linguistica romanza(1.) (1928) (Dijon)
|
| 856 |
4 |
0 |
|u http://misc.bibl.u-szeged.hu/61353/1/5910_nov.pdf
|z Dokumentum-elérés
|